El debido proceso
Salvato in:
| Autore principale: | |
|---|---|
| Natura: | Libro |
| Lingua: | spagnolo |
| Pubblicazione: |
Bogotá
Temis
1996
|
| Edizione: | 1a. ed |
| Soggetti: | |
| Tags: |
Aggiungi Tag
Nessun Tag, puoi essere il primo ad aggiungerne!!
|
MARC
| LEADER | 00000cam a2200000 a 4500 | ||
|---|---|---|---|
| 001 | UCC4869 | ||
| 003 | CL-VaPUC | ||
| 008 | 180831e19960000ck |||||||||||||||||spa|d | ||
| 020 | |a 9583500852 | ||
| 082 | 0 | 4 | |a 342.0664 |b HOY |2 21 |
| 100 | |a Hoyos, Arturo |e author |9 599070 | ||
| 245 | 1 | 3 | |a El debido proceso |
| 250 | |a 1a. ed | ||
| 300 | |a 106 p | ||
| 942 | |c BK | ||
| 945 | |d 20180831 12:04:00 |a dcastane | ||
| 260 | |a Bogotá |b Temis |c 1996 | ||
| 650 | 0 | |a Debido proceso |9 520518 | |
| 650 | 0 | |a Derecho administrativo |9 254851 | |
| 650 | 0 | |a Procedimiento administrativo |9 256132 | |
| 650 | 7 | |a RESPONSABILIDAD CIVIL |2 CL-VaPUC |9 599071 | |
| 583 | |a last modification |c 20180831 12:04:00 |k Rodrigo Vera | ||
| 999 | |c 372254 |d 372252 | ||
| 952 | |0 0 |1 0 |2 ddc |3 erb |4 0 |6 342_066400000000000_HOY_1996 |7 0 |8 A |9 489578 |a BIBDER |b BIBDER |e Mateluna Arestizabal, Alfredo Sergio |i 5490650 |l 3 |o 342.0664 HOY 1996 |p 5490650 |r 2023-07-03 |s 2023-07-03 |w 2019-11-24 |y MX |z Catalogado en:20180831 |k DER | ||